00382cam a2200157ua 45000010005000000080039000050400009000440410008000530820012000611000024000732450034000972500009001312600030001403000010001706530044001808133150109n ii |||gr||||Z||||||hin cMAIN ahin a891.434 aKumar, J.,eAuthor.1 aYe aur vecBy Jainendra Kumar a1st. aDelhi:bPurvudaya,c1977. a186p. aEast Indo-European & Celtic literatures